| 000 | 00625nam a2200241 a 4500 | ||
|---|---|---|---|
| 003 | AR-BaBNM | ||
| 005 | 20251128204600.0 | ||
| 008 | 082120s2002 ||||||||||||||000 | spa|| | ||
| 020 | _a84-236-2680-6 | ||
| 040 | _cAR-BaBNM | ||
| 100 | 1 | _aSierra i Fabra, Jordi | |
| 245 | 0 | 0 | _aEl espejo del futuro |
| 260 |
_aBarcelona _bEdebé _c1992 |
||
| 300 |
_a107 p. _bil. |
||
| 490 | 0 |
_aTucán. Verde _vv. 18 |
|
| 500 | _aRecomendado para niños a partir de 9 años | ||
| 650 | 4 | _aLITERATURA INFANTIL | |
| 650 | 4 | _aLIBROS PARA NIÑOS | |
| 653 | _aCUENTO MARAVILLOSO | ||
| 655 | _aLITERATURA | ||
| 942 | _cBK | ||
| 998 | _cLAURA | ||
| 999 |
_c8010 _d8010 |
||